Ruština pre samoukov a pre jazykové kurzy

Salvato in:
Dettagli Bibliografici
Autore principale: Šajgalíková, Helena
Altri autori: Posokhin, Ivan, Grominová, Andrea
Natura: Libro
Lingua:russo
slovacco
Pubblicazione: Bratislava AKTUELL 2018
Edizione:1. vydanie
Soggetti:
Tags: Aggiungi Tag
Nessun Tag, puoi essere il primo ad aggiungerne!!

MARC

LEADER 00000nam a2200000 4500
001 0248991
005 20240502074000.2
020 |a 978-80-8172-021-5 
041 0 |a rus 
041 0 |a slo 
044 |a SK 
245 1 0 |a Ruština pre samoukov a pre jazykové kurzy  |c Helena Šajgalíková, Ivan Posokhin, Andrea Grominová 
250 |a 1. vydanie 
264 1 |a Bratislava  |b AKTUELL  |c 2018 
300 |a [349 s.] [18,36 AH] 
610 2 0 |a jazykoveda 
610 2 0 |a terminológia 
610 2 0 |a jazyky cudzie 
610 2 0 |a gramatika 
610 2 0 |a konverzácia 
610 2 0 |a zásoba slovná 
100 1 |a Šajgalíková, Helena 
700 1 |a Posokhin, Ivan 
700 1 |a Grominová, Andrea